Mathematical Analysis II (Record no. 478372)

000 -LEADER
fixed length control field 00455nam a22001697a 4500
003 - CONTROL NUMBER IDENTIFIER
control field NUST
005 - DATE AND TIME OF LATEST TRANSACTION
control field 20180524054250.0
008 - FIXED-LENGTH DATA ELEMENTS--GENERAL INFORMATION
fixed length control field 180524b ||||| |||| 00| 0 eng d
020 ## - INTERNATIONAL STANDARD BOOK NUMBER
International Standard Book Number 9788847017832
038 ## - RECORD CONTENT LICENSOR
Staff Name SNS Library
082 ## - DEWEY DECIMAL CLASSIFICATION NUMBER
Classification number 515
100 ## - MAIN ENTRY--PERSONAL NAME
Personal name Glaudio Canuto, Anita Tabacco
9 (RLIN) 10509
245 ## - TITLE STATEMENT
Title Mathematical Analysis II
Statement of responsibility, etc. Glaudio Canuto, Anita Tabacco
260 ## - PUBLICATION, DISTRIBUTION, ETC.
Place of publication, distribution, etc. London
Name of publisher, distributor, etc. Springer
Date of publication, distribution, etc. 2010
300 ## - PHYSICAL DESCRIPTION
Extent X,523 p.
Other physical details HB
942 ## - ADDED ENTRY ELEMENTS (KOHA)
Source of classification or shelving scheme
Koha item type Book
Holdings
Withdrawn status Lost status Source of classification or shelving scheme Damaged status Not for loan Permanent Location Current Location Date acquired Total Checkouts Full call number Barcode Date last seen Price effective from Koha item type
          School of Natural Sciences (SNS) School of Natural Sciences (SNS) 05/24/2018   515 SNS0002464 05/24/2018 05/24/2018 Book
© 2023 Central Library, National University of Sciences and Technology. All Rights Reserved.